| 000 | 00728nam a2200241 a 4500 | ||
|---|---|---|---|
| 001 | BRCA_6163 | ||
| 005 | 20190320205345.0 | ||
| 008 | 070711s19191899nyua######---#000-0#eng-# | ||
| 041 | _aeng | ||
| 044 | _anyu | ||
| 050 | 4 |
_aG440 _b.S56 1919 |
|
| 100 | 1 |
_aSlocum, Joshua _d1844- _915531 |
|
| 245 | 1 | 0 |
_aSailing alone around the world _cby Joshua Slocum ; illustrated by Thomas Fogarty and George Varian. |
| 260 |
_aNueva York _bCentury _c1919, c1899 |
||
| 300 |
_axvi, 294 p. _bil. _c19 cm. |
||
| 500 | _aIncluye lista de ilustraciones | ||
| 500 | _aK46 | ||
| 650 | 1 | 4 |
_aViajes al rededor del mundo _915532 |
| 700 | 1 |
_aFogarty, Thomas _eil. _915533 |
|
| 700 | 1 |
_aVarian, George _eil. _915534 |
|
| 902 | _aGFM | ||
| 942 |
_2lcc _cB |
||
| 999 |
_c5850 _d5850 |
||